000 00423nam a2200181Ia 4500
001 1802
005 20260306143755.0
008 260306t2001||||xx |||||||||||||| ||spa||
041 _aESP
082 _a155.413
_bR54
100 _aRichardson, Ken
_eAUT
245 0 _aModelos de desarrollo cognitivo
260 _c2001
300 _a292 páginas :
_c23 cm.
650 _aGEN
654 _aCPS
942 _cLIB
_dJUS
_fJUS
_2ddc
_n
999 _c1802
_d1802